Las reivindicaciones campesinas y el estado Guatemalteco 1986-1987 /

Wedi'i Gadw mewn:
Manylion Llyfryddiaeth
Awdur Corfforaethol: Instituto de Investigaciones Políticas y Sociales (IIPS)
Fformat: Texto
Tagiau: Ychwanegu Tag
Dim Tagiau, Byddwch y cyntaf i dagio'r cofnod hwn!

MARC

LEADER 00000 a a2200000 04500
001 45355
003
040
090 |a REV0780 (21)1987  
110 |a Instituto de Investigaciones Políticas y Sociales (IIPS)  
245 |a Las reivindicaciones campesinas y el estado Guatemalteco 1986-1987 /  |c Instituto de Investigaciones Políticas y Sociales (IIPS)  
773 |g número21, III Epoca (Julio - Diciembre, 1987), páginas 37-103  
999 |c 39382  |d 39382